000
00283nam a22001337a 4500
008
170921b xxu||||| |||| 00| 0 eng d
020
_a
2901572594226
041
_a
eng
080
_2
4 ED
_a
78
100
_a
45
101
_a
MUZ
245
_a
LISTEN
_c
KERMAN.J
942
_2
udc
_c
BK
999
_c
28690
_d
28690